[Nealkoholické nápoje]

Bibliographic Details
Main Author: Košťál, Daniel (Author)
Format: Article
Language:Slovak
PhysicalDescription:Grafy, tab.
ISSN:1335-2008
Subjects:

MARC

LEADER 00000nab a2200000 a 4500
001 vtls000848683
003 SK-MaSNL
005 20260426090900.0
008 040806c2003 xo 0 slo
015 |a SNBRB2003/10-28580 
035 |a CLN000200338 
040 |a SNKBUCL  |b slo  |c SNKBUCL  |e AACR2 
041 0 |a slo 
044 |a xo  |c SK 
080 |a 339.166.8(437.6):663.8  |2 UDC-MRF-SK2 
080 |a 663.8  |2 UDC-MRF-SK2 
100 1 |a Košťál, Daniel  |4 aut  |9 270247 
245 1 0 |a [Nealkoholické nápoje]  |c Daniel Košťál 
300 |b Grafy, tab. 
505 1 |a Nesýtené nápoje dobiehajú sýtené -- Ovocie sa spája s mliekom 
650 0 7 |a nealkoholické nápoje  |2 snkbucl  |9 70192 
650 0 7 |a trh  |2 snkbucl  |9 406496 
651 7 |a Slovensko  |2 snkbucl  |9 14231 
655 7 |a články z novín a časopisov  |2 snkbucl  |9 267496 
773 0 |x 1335-2008  |t Obchod  |g Roč. 8, jún (2003), s. 46-54 
850 |a Slovenská národná knižnica v Martine 
852 |a SNK  |b KIS3GCP 
999 |c 3006830  |d 3008760